| 000 | 00949nam0a22002771 4500 | ||
|---|---|---|---|
| 001 | RU\NLR\INFOCOMM\LIB\31338 | ||
| 005 | 20040531163449.7 | ||
| 035 | _a(NLR Aleph) 004302106 | ||
| 090 |
_a2619076 _c2619076 |
||
| 100 | _a20010926d1976 |||y0rusy50 ba | ||
| 101 | 1 |
_afin _crus |
|
| 102 | _aRU | ||
| 105 | _ay ||||000ay | ||
| 200 | 1 |
_aIkuinen ihminen _fJevgeni Bogat _emietteitä, vuoropuheluja, muotokuvia _gsuom. Kerttu Kyhälä-Juntunen |
|
| 210 |
_aМ. _cEdistys _d1976 |
||
| 215 |
_a368 с. _d18см |
||
| 300 | _aKansialanimeke: Mietteitä, vuoropuheluja, muotokuvia | ||
| 300 | _aНа обороте тит. л.:Евгений Богат. Вечный человек. | ||
| 700 | 1 |
_aBogat _bE. M. _f1923- _gEvgenij Michajlovič _4070 |
|
| 702 | 1 |
_aKyhälä-Juntunen _bK. _gKerttu _4730 |
|
| 801 | 0 |
_aRU _bNLR _gPSBO _c19770527 |
|
| 801 | 1 |
_aRU _bInfoComm _c20010926 |
|
| 852 |
_aNLR _bН _jФин/2-8352 |
||
| 942 | _cBOOK | ||
| 980 | _aNB | ||